Statistiques concernant Top 10 des pays les plus peuplés

Cliquez ici pour prendre le quiz!

Statistiques générales

  • Ce quiz a été pris 306 fois
  • Le résultat moyen est 7 sur 10

Statistiques - réponses

HintRéponse% Correct
#1Chine
99%
#2Inde
94%
#9Russie
88%
#3États-Unis
83%
#10Japon
83%
#5Brésil
82%
#4Indonésie
59%
#6Pakistan
52%
#7Nigeria
49%
#8Bangladesh
38%

Distribution des résultats

Percentile par nombre de réponses

% des personnes avec chaque résultat

Votre développement - résultats

Vous n’avez pas pris ce quiz